Deutsche Kriegsbeute in der DDR

Titel: Deutsche Kriegsbeute in der DDR : Eine Zeichnung von Veit Stoß aus Krakau
Verfasser:
In: Stiftung Preußischer Kulturbesitz: Jahrbuch Preußischer Kulturbesitz ..., Band 37 (2000), Seite 189-205, Abb.
alle Artikel anzeigen
Veröffentlicht: 2000 [2001]
Format: Aufsatz
Sprache: Deutsch
Kein Bild verfügbar
X
alg: 39158247
001A    $01999:11-11-16 
001B    $01999:15-05-21 $t21:00:00.000 
001C    $06050:19-11-16 $t08:33:05.000 
001D    $01999:11-11-16 
001U    $0utf8 
001X    $00 
002@    $0Aox 
003@    $039158247X 
007A    $039158247X $aHEB 
007T    $0Herd39505 
010@    $ager 
011@    $a2000 $n2000 [2001] 
021A    $aDeutsche Kriegsbeute in der DDR $dEine Zeichnung von Veit Stoß aus Krakau 
028A    $aEttinger $dPetra 
031A    $d37 $h189-205, Abb. $j2000 
039B    $aIn $8--Abvc--Stiftung Preußischer Kulturbesitz [Tb1]. Jahrbuch Preußischer Kulturbesitz .... - Berlin : Mann, 1963-[2016]. - ISSN 0342-0124 $x200000000370000811 $9046848940 
045F    $a929.09438 $eDDC23BSB 
045F/01 $a929 
045F/03 $g438 
045T    $a24 

lok: 39158247 78

exp: 39158247 78 1 #EPN
201B/01 $008-02-21 $t23:16:22.000 
201U/01 $0utf8 
203@/01 $0787676799 
208@/01 $a11-11-16 $be 
209A/01 $a/ $f000 $x00 
220C/01 $aTitelaufnehmer: ks 
244Z/01 $2Trx $#Poola $#Lenkija $#Polija $#Polen Land $#Poland $#Lengyelország $#Poľsko $#Polsko $8--Trx--Polska$gkraj $x01 $9391345966 
244Z/01 $#Krakau $#Kraków $#Cracovie $#Cracovia $#Cracow $#Krakoi $#Krakov $#Cracov $74073760-3 $8--Tg1--Krakau $x02 $9085207705 
244Z/01 $aGeschichte 1520-2000 $x03 
244Z/01 $#Stwosz, Wit $#Stosz, Wit $#Stoss, Veit $#Stoss, Guy $7118618768 $8--Tp1--Stoß, Veit$Z1447-1533 $x04 $9086959719 
244Z/01 $2Trx $#maalikunst $#tapyba $#Painting $#festészet $#malarstwo $#maliarstvo $#malířství $8--Trx--Malerei $x05 $9391366467 
244Z/01 $2Trx $#kultuuriväärtuste vargus $#kultūros vertybių grobimas $#Art theft $#kultúrkincs rablás $#grabież dóbr kultury $#krádeže umeleckých predmetov $#krádeže uměleckých předmětů $#Beutekunst $#Kunstraub $#Kriegsbeute $#Art theft $#grabież dzieł sztuki $#krádeže umeleckých predmetov $#krádeže uměleckých předmětů $8--Trx--Kulturgüterraub $x06 $9391359827 
244Z/01 $2Trx $8--Trx--Zeitschriftenaufsatz $x07 $9391384341 
245Z/01 $a12.03 $x01 
247C/01 $82080>Marburg/Lahn, Herder-Institut, Forschungsbibliothek, Bibliographieportal $9336309341
LEADER 00000caa a22000002c 4500
001 39158247X
003 DE-603
005 20210515210000.0
007 tu
008 161111s2000 xx |||| | u00||u|ger c
035 |a (DE-599)HEB39158247X 
040 |a DE-603  |b ger  |c DE-603  |d DE-603 
041 |a ger 
082 0 4 |8 1\u  |a 929.09438  |q DE-101  |2 23/BSB 
084 |a 24  |2 ssgn 
085 |8 1\u  |b 929 
085 |8 1\u  |z 2  |s 438 
100 1 |a Ettinger, Petra 
245 0 0 |a Deutsche Kriegsbeute in der DDR  |b Eine Zeichnung von Veit Stoß aus Krakau 
264 0 |c 2000 [2001] 
773 0 8 |i In  |a Stiftung Preußischer Kulturbesitz  |t Jahrbuch Preußischer Kulturbesitz ...  |d Berlin : Mann, 1963-[2016]  |h 24 cm  |x 0342-0124  |g Band 37 (2000), Seite 189-205, Abb.  |w (DE-603)046848940  |w (DE-600)3758-8 
924 0 |9 2080  |a (DE-603)787676799  |b DE-2080  |c HES  |d d  |g /